El Trauma oculto en la infancia. Guía científicamente informada para padres, educadores y profesionales
Saved in:
| Main Author: | |
|---|---|
| Format: | Book |
| Language: | English |
| Published: |
Santiago, Chile:
Penguin Random House, Ediciones B,
2020
|
| Edition: | Tercera edición |
| Subjects: | |
| Tags: |
Add Tag
No Tags, Be the first to tag this record!
|
MARC
| LEADER | 00000nam a22000007a 4500 | ||
|---|---|---|---|
| 003 | CL-VaPUC | ||
| 005 | 20250121121056.0 | ||
| 008 | 220419b2020 ||||| |||| 00| 0 eng d | ||
| 999 | |c 435430 |d 435428 | ||
| 020 | |a 978-956-9977-17-6 | ||
| 040 | |c Pontificia Universidad Católica de Valparaíso | ||
| 082 | 7 | |a 618.928521 LEC 2020 |2 22 | |
| 100 | |a Lecannelier Acevedo, Felipe |e autor |9 596199 | ||
| 245 | |a El Trauma oculto en la infancia. |b Guía científicamente informada para padres, educadores y profesionales | ||
| 250 | |a Tercera edición | ||
| 260 | |a Santiago, Chile: |b Penguin Random House, |b Ediciones B, |c 2020 | ||
| 300 | |a 243 páginas | ||
| 500 | |a C1. Donación carrera Educación Especial EDI, adquirido a través de Fondos concursables. C2. Comodato - SENDA | ||
| 583 | |c 20220419 |k Catalogador Asistente | ||
| 650 | |a Traumas psíquicos |x Niños |9 869683 | ||
| 942 | |2 ddc |c BK | ||
| 952 | |0 0 |1 0 |2 ddc |4 0 |6 618_928521000000000_LEC_2020 |7 0 |8 A |9 582648 |a BIBEDU |b BIBEDU |c ES_NOD |d 2022-04-19 |e Donación |i 5650801 |l 10 |o 618.928521 LEC 2020 |p 5650801 |r 2024-10-17 |s 2024-10-10 |t 1 |w 2022-04-19 |y BK |k EDI | ||
| 952 | |0 0 |1 0 |2 ddc |4 0 |6 618_928521000000000_LEC_2020 |7 0 |8 C_SENDA |9 583199 |a BIBEDU |b BIBEDU |c ES_NOD |d 2022-05-23 |e Comodato-SENDA |i 5651336 |l 10 |m 3 |o 618.928521 LEC 2020 |p 5651336 |r 2024-10-02 |s 2024-08-09 |t 2 |w 2022-05-23 |x 07474005101 |y BK |k BME | ||